La mujer y el arte en Colombia : su irrupción en los espacios de formación y exposición (Bogotá, 1841-1910) /

Detalles Bibliográficos
Autor principal: García Galvis, Carlos Alberto (Autor)
Formato: Electrónico eBook
Lenguaje:español
Publicado: Bogotá : Editorial Pontificia Universidad Javeriana, [2024]
Edición:Primera edición.
Materias:
Acceso en línea:Digitalia Hispánica

MARC

LEADER 00000nam a2200000Ii 4500
001 DIGEPUJ0471
003 NyNyDIG
006 m o d
007 cr |||||||||||
008 250103s2024 ck a ob 000 0 spa d
035 |a (OCoLC)1484505737 
040 |a DGITA  |b eng  |e rda  |e pn  |c DGITA 
020 |a 9789587819106  |q (digital) 
020 |z 9789587819090  |q (impreso) 
024 7 |a  https://doi.org/10.11144/Javeriana.9789587819106   |2 doi 
043 |a s-ck--- 
050 1 4 |a N7629 ebook 
100 1 |a García Galvis, Carlos Alberto,  |e author. 
245 1 3 |a La mujer y el arte en Colombia :  |b su irrupción en los espacios de formación y exposición (Bogotá, 1841-1910) /  |c Carlos Alberto García Galvis. 
250 |a Primera edición. 
264 1 |a Bogotá :  |b Editorial Pontificia Universidad Javeriana,  |c [2024] 
300 |a 1 online resource :  |b illustrations. 
336 |a text  |b txt  |2 rdacontent 
337 |a computer  |b c  |2 rdamedia 
338 |a online resource  |b cr  |2 rdacarrier 
347 |a text file  |2 rdaft 
347 |b PDF 
504 |a Includes bibliographical references. 
588 0 |a Online resource; title from PDF title page (Digitalia, viewed January 3, 2025) 
650 0 |a Women in art  |z Colombia. 
650 0 |a Art, Colombian. 
650 0 |a Art  |x Study and teaching. 
791 2 |a Digitalia (Firm),  |e distributor. 
793 0 |g Digitalia eBook Collection:  |a Pontificia Universidad Javeriana 
776 0 8 |i Print version:  |a García Galvis, Carlos Alberto.  |t Mujer y el arte en Colombia.  |b Primera edición.  |d Bogotá : Editorial Pontificia Universidad Javeriana, [2024]  |z 9789587819090 
856 4 0 |3 Digitalia Hispánica  |u https://www.digitaliapublishing.com/a/169980/ 
910 |a Premium collection: 2025